BSOP header

Touching lives : (Record no. 33568)

MARC details
000 -LEADER
fixed length control field 01196nam a2200241 4500
008 - FIXED-LENGTH DATA ELEMENTS--GENERAL INFORMATION
fixed length control field 080916s ph 000 0 eng d
020 ## - INTERNATIONAL STANDARD BOOK NUMBER
International Standard Book Number 9789719346159 :Php300.00/270.00/gift:
090 ## - LOCALLY ASSIGNED LC-TYPE CALL NUMBER (OCLC); LOCAL CALL NUMBER (OCLC)
Classification number (OCLC) (R) ; Classification number, CALL (RLIN) (NR) BX1920
Local cutter number (OCLC) ; Book number/undivided call number, CALL (RLIN) T64
-- 2008
245 00 - TITLE STATEMENT
Title Touching lives :
Remainder of title tales of struggle, hopes of life, challenges of faith : towards a spirituality of laypeople involved in Church renewal and social transformation endeavors in the Philippines /
Statement of responsibility, etc [editorial team, Nelia Balgoa, Edgar "Eding" Diares, Christian "Toots" Buenafe, O. Carm ; translators, Gerald Flor Gutierrez, O. Carm., Merian Aldea].
260 ## - PUBLICATION, DISTRIBUTION, ETC. (IMPRINT)
Place of publication, distribution, etc Davao City :
Name of publisher, distributor, etc Lay Forum Philippines, Institute of Spirituality of Asia,
Date of publication, distribution, etc [2008]
300 ## - PHYSICAL DESCRIPTION
Extent 156 p. ;
Dimensions 23 cm.
650 #4 - SUBJECT ADDED ENTRY--TOPICAL TERM
Topical term or geographic name as entry element Laity
Geographic subdivision Philippines
General subdivision Catholic Church.
650 #4 - SUBJECT ADDED ENTRY--TOPICAL TERM
Topical term or geographic name as entry element Lay ministry
Geographic subdivision Philippines
General subdivision Catholic Church.
650 #4 - SUBJECT ADDED ENTRY--TOPICAL TERM
Topical term or geographic name as entry element Spirituality
General subdivision Catholic Church.
650 #4 - SUBJECT ADDED ENTRY--TOPICAL TERM
Topical term or geographic name as entry element Spirituality
Geographic subdivision Philippines.
951 ## - EQUIVALENCE OR CROSS-REFERENCE-GEOGRAPHIC NAME/AREA NAME [OBSOLETE] [CAN/MARC only]
General subdivision 00037994
700 1# - ADDED ENTRY--PERSONAL NAME
Personal name Balgoa, Nelia.
700 1# - ADDED ENTRY--PERSONAL NAME
Personal name Diares, Edgar.
700 1# - ADDED ENTRY--PERSONAL NAME
Personal name Buenafe, Christian, O.Carm.
710 22 - ADDED ENTRY--CORPORATE NAME
Corporate name or jurisdiction name as entry element Institute of Spirituality in Asia.
710 22 - ADDED ENTRY--CORPORATE NAME
Corporate name or jurisdiction name as entry element Lay Forum Philippines.
951 ## - EQUIVALENCE OR CROSS-REFERENCE-GEOGRAPHIC NAME/AREA NAME [OBSOLETE] [CAN/MARC only]
-- 33153
-- FILBX1920/T64/2008
-- 090901171806765
-- 2000-12-21
-- FIL
Holdings
Withdrawn status Lost status Damaged status Not for loan Home library Current library Shelving location Date acquired Accession number Shelving control number Total Checkouts Full call number Barcode Date last seen Price effective from Koha item type
        BSOP Library BSOP Library Filipiniana 12/21/2000 33153 127   FILBX1920/T64/2008 00037994 02/23/2013 02/23/2013 Books
BSOP

Biblical Seminary of the Philippines
  All rights Reserved
  © 2024

CONTACT INFORMATION

Biblical Seminary of the Philippines,
  77-B Karuhatan Road, Valenzuela City,
  PHILIPPINES 1441
  Phone: +632 8292-6795 / 8292-6798
  Fax : +632 8292-6675
  Email: library@bsop.edu.ph